| 000 | 01145nam a2200229Ia 4500 | ||
|---|---|---|---|
| 003 | Ost | ||
| 005 | 20260507075605.0 | ||
| 008 | 260507s9999||||xx |||||||||||||| ||und|| | ||
| 020 | _a9789777332866 | ||
| 040 | _cfsecg | ||
| 041 | _aara | ||
| 082 | _a658.83 | ||
| 100 |
_aبحار، سعد عباس علي _eمؤلف |
||
| 245 | 0 |
_aتأثير المزيج الترويجي على الخدمات الصحية / _c سعد عباس علي بحار |
|
| 260 |
_aالإسكندرية : _bدار التعليم الجامعي, _c2020 |
||
| 300 |
_a242 صفحة؛ _bإيضاحات ؛ _c24 سم |
||
| 504 | _aالبيبليوغرافيا ص.221 | ||
| 520 | _aتناول هذا الكتاب موضوع تأثير المزيج التسويقي على الخدمات الصحية حيث سعت هذه الدراسة الى اعطاء صورة شاملة عن هذين المتغيرين .بالاضافة الى تصميم مخطط فرضي يوضح طبيعة العلاقة بين عناصر المزيج الترويجي والخدمة الصحية . | ||
| 653 | _aالترويج | ||
| 653 | _aالخدمات الصحية | ||
| 942 | _cكتاب | ||
| 999 |
_c45039 _d45039 |
||